000 00630nam a2200193Ia 4500
003 GCL
008 140319s9999 xx 000 0 ara d
040 _aGCL /
_cGCL
082 0 4 _a811.98009
_bع ح
100 1 _aعبدالحكيم بلبع
245 1 0 _aحركة التجديد الشعرى فى المهجر بين النظرية والتطبيق /
_cعبدالحكيم بلبع
260 _a[S.N] :
_bالهيئة المصرية العامة للكتاب ،
_c1980
300 _a340 ص
490 _a
650 0 4 _aالشعر العربى
650 0 4 _aالمهجر
650 0 4 _aتاريخ ونقد
942 _2ddc
_cBK
999 _c28302
_d28302